| 000 | 00505cam a2200193ua 4500 | ||
|---|---|---|---|
| 001 | 6289 | ||
| 005 | 20260515114027.0 | ||
| 008 | 131128n ii |||gr||||Z||||||eng | ||
| 040 | _cMAIN | ||
| 082 | _a657 | ||
| 245 |
_aDictionary of commercial terms _cBy S.V. Shastri |
||
| 260 |
_aNew delhi: _bS.chand & company ltd, _c1985. |
||
| 300 | _ax,88p. | ||
| 653 | _aCommerce | ||
| 653 | _aDictionary of commercial terms | ||
| 700 |
_aShastri,S.V., _eAuthor., |
||
| 700 | 1 |
_aVaidya,P.H., _eAuthor. |
|
| 942 | _cBK | ||
| 999 |
_c5436 _d5436 |
||